000 00544cam a2200193 4500500
005 20260405000722.0
041 _afre
042 _adc
100 1 0 _aDuru, Martin
_eauthor
245 0 0 _aCharles Darwin
260 _c2009.
500 _a28
690 _aCréationnisme
690 _aDarwin
690 _aÉvolution
690 _aScience
786 0 _nPhilosophie magazine | 26 | 2 | 2009-02-01 | p. 26-26 | 1951-1787
856 4 1 _uhttps://shs.cairn.info/magazine-philosophie-magazine-2009-2-page-26?lang=fr&redirect-ssocas=7080
999 _c2040080
_d2040080